| 000 | 00645cam a2200205 i 4500 | ||
|---|---|---|---|
| 999 |
_c7776 _d7776 |
||
| 003 | OSt | ||
| 005 | 20200521105316.0 | ||
| 008 | 121203t20132013dcua b 001 0 eng | ||
| 010 | _a 2012041662 | ||
| 020 | _a9781610913591 (cloth : alk. paper) | ||
| 020 | _a9781610914451 (pbk. : alk. paper) | ||
| 082 | 0 | 0 |
_a388.474WIL _223 |
| 100 | 1 | _aWillson, Richard W. | |
| 245 | 1 | 0 |
_aParking reform made easy / _cRichard W. Willson. |
| 300 |
_axxi, 244 pages : _billustrations ; _c27 cm |
||
| 504 | _aIncludes bibliographical references (pages 227-232) and index. | ||
| 650 | 0 |
_aAutomobile parking _xPlanning. |
|
| 650 | 0 | _aCity planning. | |
| 942 | _2ddc | ||